PRACTICE TEACHING (Record no. 34046)

MARC details
000 -LEADER
fixed length control field 00282nam a22001337a 4500
003 - CONTROL NUMBER IDENTIFIER
control field SGT
020 ## - INTERNATIONAL STANDARD BOOK NUMBER
International Standard Book Number 8171323022
082 ## - DEWEY DECIMAL CLASSIFICATION NUMBER
Classification number 371.39,DAS
100 ## - MAIN ENTRY--PERSONAL NAME
Personal name DASGUPTA D.N
245 ## - TITLE STATEMENT
Title PRACTICE TEACHING
260 ## - PUBLICATION, DISTRIBUTION, ETC. (IMPRINT)
Place of publication, distribution, etc JAIPUR
Name of publisher, distributor, etc POINTER PUBLISHARS
Year of Publication 2007
300 ## - PAGE DESCRIPTION
No. of Pages 173
942 ## - ADDED ENTRY ELEMENTS (KOHA)
Source of classification or shelving scheme Dewey Decimal Classification
Koha item type Books
Holdings
Withdrawn status Lost status Source of classification or shelving scheme Damaged status Not for loan Collection code Home library Current library Shelving location Date acquired Vendor Name Cost, normal purchase price SGTU Bill Number Full call number Accession No. (Barcode) Date last seen Bill Date Koha item type Total Checkouts
    Dewey Decimal Classification   Not For Loan EDUCATION SGT Engineering Library SGT Engineering Library Reference Book 07/02/2026 BRIJWASI BOOK DISTRIBUTORS 395.00 SGTU IN/BW/000382 371.39,DAS ED5554 07/02/2026 20/12/2025 Books  
    Dewey Decimal Classification     EDUCATION SGT Engineering Library SGT Engineering Library Text Book 07/02/2026 BRIJWASI BOOK DISTRIBUTORS 395.00 SGTU IN/BW/000382 371.39,DAS ED5555 07/02/2026 20/12/2025 Books  
    Dewey Decimal Classification     EDUCATION SGT Engineering Library SGT Engineering Library Text Book 07/02/2026 BRIJWASI BOOK DISTRIBUTORS 395.00 SGTU IN/BW/000382 371.39,DAS ED5556 07/02/2026 20/12/2025 Books